Die Initialsymptome der Tabes Dorsalis /

Hlavní autor: Karger, Max
Korporativní autor: Friedrich-Wilhelms-Universität Berlin
Jazyk: Němčina
Vydáno: Berlin : Max Karger, 1887
Témata:
Fyzický popis: 43 s.
Knihy
Uloženo v:
LEADER 00943nam a22002892a 4500
001 001673043
003 CZ BrMZK
005 20191018132531.0
007 ta
008 190311s1887 gw frm||||||||||ger d
040 |a BOA001  |b cze  |e aacr2 
072 7 |a 616  |x Patologie. Klinická medicína  |2 Konspekt  |9 14 
080 |a 616.832:616.972  |2 MRF 
080 |a (048.3)  |2 MRF 
100 1 |a Karger, Max  |4 dis 
245 1 4 |a Die Initialsymptome der Tabes Dorsalis /  |c Max Karger 
260 |a Berlin :  |b Max Karger,  |c 1887 
300 |a 43 s. 
502 |a Disertace--Friedrich-Wilhelms-Universität Berlin, 1887 
650 0 7 |a syfilitická myelopatie  |7 ph1052311  |2 czenas 
655 7 |a teze  |7 fd133701  |2 czenas 
710 2 |a Friedrich-Wilhelms-Universität Berlin  |7 ko2004238874 
910 |a BOA001  |b X-0379.926 
990 |a BK 
993 |a Y 
991 |b 201903 
996 6 |b 2618977605  |c X-0379.926  |l MZK  |r Sklad / do 24 hodin  |n 0  |w 001712178  |u 000010  |a 1  |e BOA001  |j MZK50  |s P